000 00299pam a2200145 a 4500
020 _c
041 _aeng
082 _bVAR
100 _aVaralakshmi .
245 _aPorject Using C++
_hTextual Documents
250 _a2001.
260 _a[s.l]:
_bScitench PUB
300 _a396 pg.
930 _a5101
999 _c82017
_d82017